000 01008nam a2200265Ia 4500
003 OSt
005 20221005110348.0
006 a|||||r|||| 00| 0
007 ta
008 221004b |||||||| |||| 00| 0 hin d
020 _a8170163897 (hbk)
_c345
024 _a100751
037 _b354, 02/03/2010, Swaraj Prakashan
_cTextual
040 _aCRL
_cCRL
_bhin
041 _2hin
_ahin
082 _aO152,8N338x, N7
100 _aजोशी, मनोहर श्याम
245 0 _aउस देश का यारो क्या कहना !
246 _aUs desh kā yāro kyā kahanā !
260 _aनई दिल्ली
_bकिताबघर प्रकाशन भारत
_c1997
300 _a248पृ0
_ccm.
490 _aप्रतिनिधि व्यंग्य रचनाएॅं
942 _hO152,8N338x, N7
_cTEXL
_2cc
999 _c1018587
_d1018587